Detalles MARC
| 000 -LIDER |
| fixed length control field |
01040nam a2200313 b 4500 |
| 001 - NÚMERO DE CONTROL |
| Identificador de número de control |
02122303 |
| 003 - IDENTIFICACDOR DE NÚMERO DE CONTROL |
| control field |
DO-SdBNP |
| 005 - DATE AND TIME OF LATEST TRANSACTION |
| control field |
20180202154133.0 |
| 007 - CAMPOS FIJOS DE DESCRIPCIÓN FÍSICA |
| fixed length control field |
02122303 |
| 008 - ELEMENTOS DE LONGITUD FIJA |
| fixed length control field |
060801s2004 it | ||| ||spa |
| 016 7# - NO. DE CONTROL DE LA AGENCIA BIB. NACIONAL |
| Record control number |
|
| Source |
BPMSU |
| 020 ## - ISBN |
| International Standard Book Number |
8888405240 |
| 035 ## - NÚMERO LOCAL |
| System control number |
(OCoLC) |
| 040 ## - FUENTE DE CATALOGACIÓN |
| Agencia que crea de manera original el registro |
BPMSU |
| Idioma de catalogación |
spa |
| Agencia que realiza la transcripción |
BPMSU |
| Convenciones de la despripción |
|
| 041 1# - CÓDIGOS DE OBRAS TRADUCIDAS O EN VARIOS IDIOMAS |
| Código del idioma del texto/archivo de sonido o separata |
spa |
| Cód. del idioma original y/o traducciones intermedias del texto |
|
| 080 #0 - NÚMERO DE CLASIFICACIÓN DECIMAL UNIVERSAL |
| Universal Decimal Classification number |
|
| 100 1# - ASIENTO PRINCIPAL -- NOMBRE PERSONAL |
| Nombre personal |
Landolfi, Tommaso |
| Fechas asociadas con el nombre |
1908-1979 |
| 245 10 - MENCIÓN DE TITULO |
| Título |
Reina de cáncer / |
| Medio (Designación general de material) |
|
| Mención de responsabilidad |
Tommaso Landolfi ; traducción y notas de Alessandro Baldi y Luis Beltrán Almería ; introducción de Silvio Mignano ; edición de Alessandro Baldi y Luis Beltrán Almería |
| 250 ## - MENCIÓN DE EDICION |
| Mención de edición |
|
| 260 ## - PUBLICACIÓN, DISTRIBUCIÓN, ETC. (PIE DE IMPRENTA) |
| Lugar de publicación, distribución, etc |
Martorano di Cesena [Italia]: |
| Nombre del editor, distribuidor, etc. |
Arci Solidarietà Cesenate |
| Fecha de publicación, distribución, etc |
2004 |
| 300 ## - DESCRIPCIÓN FÍSICA |
| Extensión |
96 p. : |
| Dimensiones |
17 cm |
| 490 1# - MENCIÓN DE SERIES |
| Mención de serie |
Un mar de sueños |
| Volume/sequential designation |
17 |
| 700 1# - ASIENTO SECUNDARIO -- NOMBRE PERSONAL |
| Nombre personal |
Baldi, Alessandro |
| Mención de responsabilidad |
tr. |
| 700 1# - ASIENTO SECUNDARIO -- NOMBRE PERSONAL |
| Nombre personal |
Beltrán Almería, Luis |
| Mención de responsabilidad |
tr. |
| 830 #3 - ASIENTO SECUNDARIO DE SERIE--TÍTULO UNIFORME |
| Título uniforme |
Un mar de sueños (Martorano di Cesena) |
| Volume number/sequential designation |
17 |
| 942 ## - ADDED ENTRY ELEMENTS (KOHA) |
| Source of classification or shelving scheme |
Dewey Decimal Classification |
| Koha item type |
Libros |
| 945 ## - INFORMACIÓN DE PROCESAMIENTO LOCAL |
| Información de procesamiento local |
Inventariado, 2018 / BT |
| 956 ## - LOCAL ELECTRONIC LOCATION AND ACCESS (OCLC) |
| Nombre de host |
VMATEO |
| Método de acceso |
10 |
| Materiales especificados |
20160328 |
| Enlace |
BPMSU |
| Campo enlazado y núm. de secuencia |
0069 |